[Event "Ct. Girona indiv. Absolut"]
[Site "?"]
[Date "2011.10.12"]
[Round "2"]
[White "Alarcon Pages, S."]
[Black "Colls Bosch, E."]
[Result "1-0"]
[WhiteElo "1742"]
[BlackElo "2063"]
[PlyCount "65"]
[EventDate "2011.??.??"]
[EventType "swiss"]

1. b3 Nf6 2. Bb2 g6 3. c4 b6 4. Nf3 Bb7 5. g3 Bg7 6. Bg2 d6 7. d3 O-O 8. e4
Nbd7 9. O-O e5 10. Nc3 Nc5 11. b4 Ne6 12. b5 Nd7 13. Bh3 Ndc5 14. Ba3 f5 15.
exf5 gxf5 16. Nh4 Ng5 17. Bg2 e4 18. Bxc5 dxc5 19. Rc1 Qf6 20. dxe4 fxe4 21.
Nd5 Qf7 22. f4 exf3 23. Nxf3 Bxd5 24. Nxg5 Bd4+ 25. Qxd4 Qxf1+ 26. Bxf1 cxd4
27. cxd5 Rf5 28. Ne6 Kh8 29. Rxc7 Rxd5 30. Bg2 d3 31. Bxd5 d2 32. Bb3 Re8 33.
Rd7 1-0

[Event "Ct. Girona indiv. Absolut"]
[Site "?"]
[Date "2011.10.12"]
[Round "2"]
[White "Badosa Romanyo, A."]
[Black "Colls Gelaberto, E."]
[Result "0-1"]
[WhiteElo "1806"]
[BlackElo "2184"]
[PlyCount "76"]
[EventDate "2011.??.??"]
[EventType "swiss"]

1. d4 Nf6 2. c4 g6 3. Nc3 Bg7 4. e4 d6 5. Nf3 O-O 6. Be2 c6 7. O-O e5 8. dxe5
dxe5 9. Qxd8 Rxd8 10. Bg5 Bg4 11. Rfd1 Nbd7 12. Rd6 h6 13. Bxf6 Bxf6 14. Rad1
Kf8 15. h3 Be6 16. c5 Nxc5 17. Rxd8+ Rxd8 18. Rxd8+ Bxd8 19. Nxe5 Bf6 20. f4
Bxe5 21. fxe5 Nd7 22. Kf2 Nxe5 23. Ke3 Ke7 24. a3 Kd6 25. b4 Bc4 26. Kd4 Bxe2
27. Nxe2 b6 28. Nc3 c5+ 29. Ke3 Nc4+ 30. Kf4 Nxa3 31. bxc5+ bxc5 32. g4 a6 33.
e5+ Ke6 34. Ke4 Nc4 35. Na4 Nd2+ 36. Kd3 Nf3 37. Ke4 Ng5+ 38. Kf4 Kd5 0-1

[Event "Ct. Girona indiv. Absolut"]
[Site "?"]
[Date "2011.10.12"]
[Round "2"]
[White "Bonavia Heredia, F."]
[Black "Mas Recorda, P."]
[Result "0-1"]
[WhiteElo "1762"]
[BlackElo "2087"]
[PlyCount "72"]
[EventDate "2011.??.??"]
[EventType "swiss"]

1. d4 e6 2. g3 d5 3. Bg2 f5 4. Nf3 Nf6 5. Bf4 Bd6 6. Ne5 O-O 7. Nd2 c5 8. c3
Nc6 9. Ndf3 cxd4 10. Nxc6 bxc6 11. Bxd6 Qxd6 12. cxd4 c5 13. O-O Ba6 14. Re1
Rab8 15. dxc5 Qxc5 16. Qd4 Rfc8 17. b3 Ne4 18. e3 Qc2 19. Qe5 Qxf2+ 20. Kh1 Rb6
21. Rec1 Qxe3 22. Rxc8+ Bxc8 23. Qd4 Qxd4 24. Nxd4 Bb7 25. Rc1 Kf7 26. Kg1 Kf6
27. Bxe4 fxe4 28. h4 Ke5 29. Ne2 Rc6 30. Rxc6 Bxc6 31. Kf2 d4 32. Nf4 Kf5 33.
a4 a5 34. Ne2 e3+ 35. Ke1 e5 36. Nc1 Bd5 0-1

[Event "Ct. Girona indiv. Absolut"]
[Site "?"]
[Date "2011.10.12"]
[Round "2"]
[White "Caballero Maytin, J."]
[Black "Gallart Vila, J."]
[Result "0-1"]
[WhiteElo "2003"]
[BlackElo "1755"]
[PlyCount "76"]
[EventDate "2011.??.??"]
[EventType "swiss"]

1. Nf3 Nf6 2. c4 c5 3. Nc3 Nc6 4. g3 g6 5. Bg2 Bg7 6. O-O O-O 7. e3 Na5 8. d3
d6 9. Bd2 Bg4 10. h3 Bf5 11. e4 Bd7 12. Rb1 Qc8 13. Kh2 Nc6 14. a3 h5 15. Qc1
Nd4 16. Nxd4 cxd4 17. Ne2 Kh7 18. f4 Rh8 19. Rh1 Kg8 20. Kg1 h4 21. Qe1 hxg3
22. Qxg3 Qc5 23. b4 Qc7 24. Kf2 Re8 25. Rbg1 e5 26. Bf3 b5 27. Rc1 bxc4 28.
Rxc4 Qb6 29. f5 d5 30. exd5 Bxf5 31. Bg5 Bxd3 32. Rc6 Qd8 33. Rd1 e4 34. Nf4
exf3 35. Bxf6 Bxf6 36. Rxd3 Bh4 37. Rxf3 Bxg3+ 38. Kxg3 Re3 0-1

[Event "Ct. Girona indiv. Absolut"]
[Site "?"]
[Date "2011.10.12"]
[Round "2"]
[White "Lillo Castany, V."]
[Black "Salagran Ferragut, G."]
[Result "1-0"]
[WhiteElo "2286"]
[BlackElo "1825"]
[PlyCount "99"]
[EventDate "2011.??.??"]
[EventType "swiss"]

1. e4 c5 2. Nf3 Nc6 3. Nc3 d6 4. d4 cxd4 5. Nxd4 e5 6. Ndb5 a6 7. Na3 Be7 8.
Nc4 b5 9. Ne3 Nf6 10. g3 b4 11. Ncd5 O-O 12. Bg2 Nxd5 13. Nxd5 Bg5 14. Ne3 Be6
15. O-O Rc8 16. a3 a5 17. axb4 axb4 18. Kh1 Nd4 19. f4 Bh6 20. Ra4 Rb8 21. Bd2
Nc6 22. f5 Bd7 23. Nd5 Bxd2 24. Qxd2 f6 25. Nxb4 Nd4 26. Ra3 Bb5 27. Rd1 Be2
28. Re1 Bc4 29. Bf1 Bf7 30. Rd1 Kh8 31. c3 Bh5 32. cxd4 Rxb4 33. Qxb4 Bxd1 34.
d5 Qd7 35. Qb5 Qxb5 36. Bxb5 Rb8 37. Kg2 Kg8 38. Ra5 h6 39. Kf2 Kf8 40. Ke3 Kg8
41. Kd3 Kf8 42. Kc3 Rc8+ 43. Bc6 Bf3 44. Ra4 Bd1 45. Rb4 Rc7 46. Rb8+ Ke7 47.
Re8+ Kf7 48. Re6 Bf3 49. Kd3 Bh5 50. Be8+ 1-0

[Event "Ct. Girona indiv. Absolut"]
[Site "?"]
[Date "2011.10.12"]
[Round "2"]
[White "Robert Sancho, A."]
[Black "Garcia Castany Musellas, G."]
[Result "0-1"]
[WhiteElo "1731"]
[BlackElo "2037"]
[PlyCount "64"]
[EventDate "2011.??.??"]
[EventType "swiss"]

1. e4 e5 2. Nf3 Nc6 3. Bc4 Bc5 4. Nc3 Nf6 5. a3 a6 6. d3 d6 7. h3 h6 8. O-O O-O
9. Ne2 Ba7 10. Ng3 d5 11. exd5 Nxd5 12. Ba2 Kh8 13. Re1 Re8 14. Bd2 f5 15. Qc1
Nf6 16. Bf7 Rf8 17. Bb3 Qd6 18. Nh4 Ng8 19. Bc3 e4 20. Nh5 Bd4 21. Bxd4 Nxd4
22. Bxg8 Kxg8 23. dxe4 fxe4 24. Ng3 Qf6 25. Qd2 c5 26. c3 Nb3 27. Qd5+ Be6 28.
Qxe4 Nxa1 29. Rxa1 Qxf2+ 30. Kh2 Bb3 31. Nhf5 Rf7 32. Qxb7 Rxb7 0-1

[Event "Ct. Girona indiv. Absolut"]
[Site "?"]
[Date "2011.10.12"]
[Round "2"]
[White "Triadu Cassa, J."]
[Black "Carramiñana Puig, J."]
[Result "1-0"]
[WhiteElo "2111"]
[BlackElo "1805"]
[PlyCount "39"]
[EventDate "2011.??.??"]
[EventType "swiss"]

1. e4 g6 2. d4 d6 3. Nc3 Bg7 4. Nf3 Nd7 5. Bc4 Ngf6 6. Bxf7+ Kf8 7. e5 Ne8 8.
Ng5 Nxe5 9. dxe5 Bxe5 10. Be6 Ng7 11. Nf7 Qe8 12. Bxc8 Rxc8 13. Nxh8 Nf5 14.
Be3 Bxh8 15. O-O e6 16. Ne2 Qc6 17. Nd4 Qe4 18. Nxf5 gxf5 19. Bh6+ Ke7 20. Qf3
1-0

[Event "Ct. Girona indiv. Absolut"]
[Site "?"]
[Date "2011.10.12"]
[Round "2"]
[White "Vidal Zamora, A."]
[Black "Mirasol Obrador, M."]
[Result "1-0"]
[WhiteElo "2137"]
[BlackElo "1818"]
[PlyCount "119"]
[EventDate "2011.??.??"]
[EventType "swiss"]

1. e4 e6 2. d4 d5 3. Nc3 Bb4 4. e5 c6 5. Qg4 g6 6. Bd2 Nd7 7. Nf3 h6 8. Bd3 Ne7
9. O-O c5 10. Nb5 Bxd2 11. Nd6+ Kf8 12. Nxd2 c4 13. Qf3 Rh7 14. Be2 Nf5 15.
Nxf5 gxf5 16. b3 Qg5 17. Rfd1 cxb3 18. axb3 f6 19. Qc3 a6 20. Nf3 Qg7 21. Qc7
Qe7 22. Bb5 Kg8 23. c4 Nxe5 24. Qxe7 Nxf3+ 25. gxf3 Rxe7 26. c5 Bd7 27. Bxd7
Rxd7 28. b4 Rc8 29. Re1 Kf7 30. h3 Re8 31. f4 Rc7 32. Kg2 Rg8+ 33. Kf3 h5 34.
Ra5 h4 35. Rb1 Re8 36. b5 axb5 37. Raxb5 Ree7 38. Rb6 Red7 39. R1b5 Ke7 40. Rb3
Kf7 41. Ke2 Re7 42. Kd2 Ke8 43. Rd6 Kf7 44. Rbb6 Rcd7 45. Kc3 Rxd6 46. Rxd6 Rc7
47. Kb4 Ke7 48. Kb5 Kf7 49. Kb6 Re7 50. Rd8 Kg6 51. Rg8+ Kf7 52. Rb8 e5 53.
fxe5 fxe5 54. dxe5 Rxe5 55. Rxb7+ Ke8 56. c6 Re6 57. Rb8+ Ke7 58. Kb7 Rd6 59.
c7 Rd7 60. Kc6 1-0

[Event "Ct. Girona indiv. Absolut"]
[Site "?"]
[Date "2011.10.12"]
[Round "2"]
[White "Volkov, V."]
[Black "Mundet Riera, J."]
[Result "0-1"]
[WhiteElo "1790"]
[BlackElo "2136"]
[PlyCount "96"]
[EventDate "2011.??.??"]
[EventType "swiss"]

1. Nf3 d6 2. g3 Nf6 3. Bg2 g6 4. O-O Bg7 5. c4 O-O 6. Nc3 e5 7. d3 Nbd7 8. Rb1
a5 9. a3 c6 10. Bg5 h6 11. Bxf6 Qxf6 12. b4 axb4 13. axb4 Qe7 14. Qb3 f5 15. e3
Kh7 16. Ra1 Rxa1 17. Rxa1 Qf6 18. Rd1 Nb6 19. Na4 Nxa4 20. Qxa4 f4 21. e4 g5
22. Rd2 h5 23. h4 Bh6 24. Rb2 gxh4 25. Nxh4 Rg8 26. Qd1 Bg4 27. Qe1 f3 28. Bf1
Be6 29. Kh2 Bf4 30. Nxf3 h4 31. Bg2 hxg3+ 32. Kg1 Bg4 33. fxg3 Bxf3 34. gxf4
Qxf4 35. Rf2 Qg3 36. Qf1 Bxg2 37. Rxg2 Qxg2+ 38. Qxg2 Rxg2+ 39. Kxg2 Kg6 40.
Kf3 Kh5 41. Kg3 b6 42. Kf3 Kh4 43. Ke3 Kg4 44. d4 c5 45. bxc5 bxc5 46. d5 Kg3
47. Ke2 Kf4 48. Kd3 Kf3 0-1

[Event "Ct. Girona indiv. Absolut"]
[Site "?"]
[Date "2011.10.16"]
[Round "3"]
[White "Alejo Alvarez, R."]
[Black "Vilanova Olmedo, I."]
[Result "1/2-1/2"]
[WhiteElo "1999"]
[BlackElo "1730"]
[PlyCount "70"]
[EventDate "2011.??.??"]
[EventType "swiss"]

1. b3 Nf6 2. Bb2 e6 3. e3 b6 4. Nf3 Bb7 5. c4 Be7 6. Be2 O-O 7. O-O d5 8. d4
Nbd7 9. cxd5 Nxd5 10. Nbd2 c5 11. Bd3 Rc8 12. Rc1 Nb4 13. Bb1 cxd4 14. exd4 Ba6
15. Nc4 Nf6 16. a3 Nc6 17. Re1 Nd5 18. Nce5 Nxe5 19. Nxe5 Bb7 20. Be4 Rxc1 21.
Qxc1 Bg5 22. Qc2 h6 23. g3 Bf6 24. Nc6 Bxc6 25. Qxc6 Qc8 26. Bxd5 exd5 27. Qxd5
Qc2 28. Ba1 Qd2 29. Qe4 Rd8 30. Qe3 Qc2 31. Rc1 Qf5 32. Bb2 Qd7 33. Rd1 Qd5 34.
h4 Rc8 35. Qd3 Rd8 1/2-1/2

[Event "Ct. Girona indiv. Absolut"]
[Site "?"]
[Date "2011.10.16"]
[Round "3"]
[White "Castrillon Otero, J."]
[Black "Vidal Zamora, A."]
[Result "0-1"]
[WhiteElo "1848"]
[BlackElo "2137"]
[PlyCount "88"]
[EventDate "2011.??.??"]
[EventType "swiss"]

1. d4 Nf6 2. c4 e6 3. Nc3 d5 4. Nf3 Bb4 5. a3 Bxc3+ 6. bxc3 Ne4 7. Qc2 Nd7 8.
cxd5 exd5 9. e3 Ndf6 10. Bd3 O-O 11. O-O Nd6 12. Nd2 Re8 13. Re1 Bd7 14. a4 a5
15. Ba3 Bc6 16. f3 Qd7 17. Bxd6 Qxd6 18. e4 dxe4 19. fxe4 Ng4 20. e5 Qh6 21.
Nf1 Qh4 22. h3 Nf6 23. Bf5 g6 24. Bd3 Nh5 25. Be4 Bxe4 26. Rxe4 Qd8 27. Rae1
Ng7 28. Ne3 h5 29. Qb3 Rb8 30. Nd5 Re6 31. Nf6+ Kf8 32. Rf4 c6 33. Qa3+ Re7 34.
Ne4 b5 35. Ref1 b4 36. Qc1 b3 37. Nd6 b2 38. Qb1 Kg8 39. Rxf7 Rxf7 40. Rxf7 Qg5
41. Rf1 Kh7 42. Nc4 Nf5 43. Re1 Qg3 44. Qc2 Qxe1+ 0-1

[Event "Ct. Girona indiv. Absolut"]
[Site "?"]
[Date "2011.10.16"]
[Round "3"]
[White "Colls Gelaberto, E."]
[Black "Pinsach Gelabert, A."]
[Result "1-0"]
[WhiteElo "2184"]
[BlackElo "1906"]
[PlyCount "73"]
[EventDate "2011.??.??"]
[EventType "swiss"]

1. d4 d5 2. c4 dxc4 3. e3 Nf6 4. Bxc4 e6 5. Nf3 c5 6. O-O a6 7. a4 Nc6 8. Nc3
Qc7 9. Qe2 Bd6 10. dxc5 Bxc5 11. e4 Ng4 12. g3 Nce5 13. Nxe5 Nxe5 14. Bf4 O-O
15. Ba2 Bd6 16. Rfd1 Rd8 17. Rxd6 Qxd6 18. Rd1 Qf8 19. Bxe5 b5 20. Rxd8 Qxd8
21. axb5 axb5 22. Qxb5 Ba6 23. Qc6 Be2 24. Qd6 Qxd6 25. Bxd6 Bf3 26. Kf1 Bxe4
27. Nxe4 Rxa2 28. b4 Rb2 29. Bc5 f6 30. Ke1 Rb1+ 31. Kd2 Kf7 32. b5 Ke8 33. Kc2
Re1 34. Be3 Kd7 35. Kc3 Rb1 36. Kc4 Kc7 37. Nc5 1-0

[Event "Ct. Girona indiv. Absolut"]
[Site "?"]
[Date "2011.10.16"]
[Round "3"]
[White "Gallart Vila, J."]
[Black "Triadu Cassa, J."]
[Result "0-1"]
[WhiteElo "1755"]
[BlackElo "2111"]
[PlyCount "86"]
[EventDate "2011.??.??"]
[EventType "swiss"]

1. d4 Nf6 2. c4 c5 3. e3 g6 4. Nf3 Bg7 5. Nc3 O-O 6. g3 a6 7. Bg2 Qc7 8. d5 d6
9. O-O e6 10. e4 exd5 11. exd5 Bg4 12. Bg5 Nfd7 13. Qb3 Bxf3 14. Bxf3 Ne5 15.
Bg2 Nbd7 16. Ne4 f5 17. Nd2 h6 18. Bf4 Ng4 19. h3 Ngf6 20. Rae1 g5 21. Be3 Rae8
22. Qc2 Nh5 23. Bf3 Nhf6 24. Bd1 Nh7 25. Bh5 Re7 26. Bg6 f4 27. Bxh7+ Kh8 28.
gxf4 gxf4 29. Bxf4 Rxe1 30. Rxe1 Rxf4 31. Re7 Qd8 32. Rxg7 Kxg7 33. Qg6+ Kh8
34. Ne4 Ne5 35. Qg3 Rf3 36. Qg2 Kxh7 37. b3 b5 38. cxb5 axb5 39. Kf1 Qh4 40.
Nxd6 Qxh3 41. Nxb5 Qxg2+ 42. Kxg2 Rd3 43. d6 Kg6 0-1

[Event "Ct. Girona indiv. Absolut"]
[Site "?"]
[Date "2011.10.16"]
[Round "3"]
[White "Garcia Castany Musellas, G."]
[Black "Dorca Clara, J."]
[Result "1-0"]
[WhiteElo "2037"]
[BlackElo "1733"]
[PlyCount "65"]
[EventDate "2011.??.??"]
[EventType "swiss"]

1. e4 e5 2. Nf3 Nc6 3. Bc4 Be7 4. d4 d6 5. dxe5 dxe5 6. Qxd8+ Nxd8 7. Nxe5 Bd6
8. Nd3 f6 9. Nc3 a6 10. a4 Be6 11. Nd5 Ne7 12. Bf4 Bxd5 13. exd5 Nf7 14. O-O
O-O-O 15. Rfe1 Ng6 16. Bxd6 Nxd6 17. Ba2 h5 18. c4 Rhe8 19. c5 Rxe1+ 20. Rxe1
Nf5 21. a5 Nd4 22. Re4 Nb5 23. f4 Nh4 24. h3 Nf5 25. g4 hxg4 26. hxg4 Nfd4 27.
f5 Kd7 28. Kg2 Re8 29. Rxe8 Kxe8 30. Nf4 Kf8 31. Kg3 g5 32. fxg6 Kg7 33. Bb1
1-0

[Event "Ct. Girona indiv. Absolut"]
[Site "?"]
[Date "2011.10.16"]
[Round "3"]
[White "Gonzalez Escudero, J."]
[Black "Caballero Maytin, J."]
[Result "0-1"]
[WhiteElo "1769"]
[BlackElo "2003"]
[PlyCount "52"]
[EventDate "2011.??.??"]
[EventType "swiss"]

1. e4 c5 2. Nf3 g6 3. d4 cxd4 4. Nxd4 Bg7 5. Nc3 Nc6 6. Be3 Nf6 7. Bc4 O-O 8.
Bb3 a5 9. a4 Ng4 10. Qxg4 Nxd4 11. Qh4 Nxb3 12. cxb3 Re8 13. Nd5 Ra6 14. Rc1
Rc6 15. Nc3 d6 16. O-O Be6 17. Nd5 Bxb2 18. Rxc6 bxc6 19. Bb6 Qd7 20. Nc7 Rb8
21. Nxe6 Qxe6 22. Bxa5 Bf6 23. Qf4 Rxb3 24. f3 Rb2 25. Qg3 Qc4 26. h4 Bd4+ 0-1

[Event "Ct. Girona indiv. Absolut"]
[Site "?"]
[Date "2011.10.16"]
[Round "3"]
[White "Huici Bentue, D."]
[Black "Diaz Muñoz, S."]
[Result "1/2-1/2"]
[WhiteElo "2070"]
[BlackElo "2040"]
[PlyCount "49"]
[EventDate "2011.??.??"]
[EventType "swiss"]

1. e4 c5 2. Ne2 Nc6 3. Nbc3 g6 4. g3 Bg7 5. Bg2 d6 6. O-O Nf6 7. d4 cxd4 8.
Nxd4 Bg4 9. Nxc6 bxc6 10. Qe1 Qc8 11. e5 dxe5 12. Qxe5 O-O 13. Qc5 Nd5 14. Nxd5
cxd5 15. Qxd5 Qxc2 16. Qg5 Be2 17. Re1 Rad8 18. Be3 Bxb2 19. Rab1 Rd1 20. Rbxd1
Bxd1 21. Qc5 a5 22. Qxe7 Bc3 23. Bh6 Bb4 24. Qf6 Bc3 25. Qe7 1/2-1/2

[Event "Ct. Girona indiv. Absolut"]
[Site "?"]
[Date "2011.10.16"]
[Round "3"]
[White "Mundet Riera, J."]
[Black "Martin Fernandez, S."]
[Result "1-0"]
[WhiteElo "2136"]
[BlackElo "1867"]
[PlyCount "45"]
[EventDate "2011.??.??"]
[EventType "swiss"]

1. e4 c5 2. Nf3 e6 3. d4 cxd4 4. Nxd4 a6 5. c4 Nf6 6. Nc3 d6 7. Be2 Nbd7 8. O-O
b6 9. Bg5 Bb7 10. f3 Be7 11. Kh1 h6 12. Be3 O-O 13. Qe1 Rc8 14. Qg3 Kh8 15.
Rad1 Qc7 16. Nd5 Nxd5 17. cxd5 e5 18. Nf5 Bf6 19. Qh3 Rfe8 20. Rc1 Qb8 21. Nxh6
Rxc1 22. Rxc1 gxh6 23. Qxd7 1-0

[Event "Ct. Girona indiv. Absolut"]
[Site "?"]
[Date "2011.10.16"]
[Round "3"]
[White "Oliva Llorens, A."]
[Black "Lillo Castany, V."]
[Result "1/2-1/2"]
[WhiteElo "1948"]
[BlackElo "2286"]
[PlyCount "141"]
[EventDate "2011.??.??"]
[EventType "swiss"]

1. e4 c5 2. d3 Nc6 3. g3 g6 4. Bg2 Bg7 5. f4 d6 6. Nf3 e6 7. Nc3 Nge7 8. Be3
Nd4 9. Qd2 O-O 10. Nd1 Rb8 11. c3 Nxf3+ 12. Bxf3 b5 13. O-O a5 14. d4 cxd4 15.
cxd4 Bb7 16. Bg2 b4 17. Nf2 f5 18. Rfe1 Rc8 19. Rac1 Qd7 20. a3 Bc6 21. axb4
axb4 22. b3 Qb7 23. Qd3 Rfd8 24. Red1 fxe4 25. Nxe4 Nd5 26. Ng5 Qd7 27. Bd2 h6
28. Nf3 Qf7 29. Bh3 Bd7 30. Qa6 Qf8 31. Qd3 Qf6 32. Kg2 Kh7 33. Re1 Re8 34. Qa6
Bf8 35. Qb7 Qf7 36. Qa6 Ra8 37. Qd3 Ra2 38. Ra1 Rea8 39. Rxa2 Rxa2 40. Kg1 Bg7
41. Nh4 Qf6 42. Nf3 Bc8 43. Qe4 Rxd2 44. Nxd2 Qxd4+ 45. Qxd4 Bxd4+ 46. Kh1 Bc3
47. Rc1 Bb7 48. Nf3 Nxf4 49. gxf4 Bxf3+ 50. Bg2 Bxg2+ 51. Kxg2 Kg7 52. Rd1 d5
53. Kf3 Kf6 54. h4 Kf5 55. Rh1 Bd2 56. h5 g5 57. fxg5 Kxg5 58. Ke2 Bc3 59. Kd3
e5 60. Ke3 Bd4+ 61. Kd3 Bf2 62. Ke2 Bh4 63. Rd1 d4 64. Kd3 Kxh5 65. Ke4 Bg3 66.
Kf5 Bh4 67. Rh1 d3 68. Kxe5 Kg4 69. Ke4 d2 70. Rg1+ Kh3 71. Kf3 1/2-1/2

[Event "Ct. Girona indiv. Absolut"]
[Site "?"]
[Date "2011.10.23"]
[Round "4"]
[White "Bonavia Heredia, F."]
[Black "Colomer Camarasa, J."]
[Result "0-1"]
[WhiteElo "1762"]
[BlackElo "1921"]
[PlyCount "86"]
[EventDate "2011.??.??"]
[EventType "swiss"]

1. d4 Nf6 2. c4 e6 3. Nf3 Bb4+ 4. Nbd2 b6 5. a3 Bxd2+ 6. Bxd2 Ne4 7. Bf4 Bb7 8.
h3 d6 9. e3 Nd7 10. d5 e5 11. Bh2 f5 12. Nd2 Nxd2 13. Qxd2 a5 14. Bd3 e4 15.
Bc2 O-O 16. O-O a4 17. f3 Nc5 18. fxe4 fxe4 19. Rxf8+ Qxf8 20. Rf1 Qe7 21. Qc3
Rf8 22. b4 axb3 23. Bxb3 Rxf1+ 24. Kxf1 Qf6+ 25. Qxf6 gxf6 26. Ba2 Ba6 27. Ke1
Kf7 28. Kd2 Nd3 29. Bg3 Ne5 30. Kc3 Ng6 31. a4 f5 32. Kd4 Kf6 33. Be1 Ke7 34.
a5 bxa5 35. Bb3 Kd7 36. Ba4+ Kd8 37. g3 Ne5 38. Bxa5 Nxc4 39. Bb4 Ne5 40. Bd1
Nd3 41. Bc3 Nf2 42. Bc2 Nxh3 43. g4 Ng1 0-1

[Event "Ct. Girona indiv. Absolut"]
[Site "?"]
[Date "2011.10.23"]
[Round "4"]
[White "Caballero Maytin, J."]
[Black "Alarcon Pages, S."]
[Result "1-0"]
[WhiteElo "2003"]
[BlackElo "1742"]
[PlyCount "105"]
[EventDate "2011.??.??"]
[EventType "swiss"]

1. Nf3 Nf6 2. c4 c5 3. Nc3 Nc6 4. g3 Nd4 5. Bg2 d6 6. O-O e5 7. Nxd4 exd4 8.
Nd5 Nxd5 9. Bxd5 Be7 10. e3 dxe3 11. fxe3 O-O 12. Qf3 Be6 13. Bxb7 Bxc4 14. d3
Bxd3 15. Rd1 Bg6 16. Bxa8 Qxa8 17. Qxa8 Rxa8 18. a3 Be4 19. b4 c4 20. Bb2 d5
21. b5 Bc5 22. Bd4 Bxd4 23. Rxd4 c3 24. Rc1 Rc8 25. Kf2 f5 26. a4 c2 27. Ke2
Kf7 28. Kd2 Ke6 29. a5 Rb8 30. Rb4 Kd6 31. Rb3 Rb7 32. b6 axb6 33. a6 Ra7 34.
Rxb6+ Kc7 35. Re6 Kd7 36. Rb6 Kc7 37. Rb7+ Rxb7 38. axb7 Kxb7 39. Ra1 Kb8 40.
Ra6 Kb7 41. Re6 g5 42. Re7+ Kc6 43. Rxh7 f4 44. Rh6+ Kc5 45. gxf4 gxf4 46. exf4
Kd4 47. Re6 Bf5 48. Re5 Bg6 49. h4 Be4 50. h5 Kc4 51. h6 Kb3 52. Kc1 Kc3 53.
Rxe4 1-0

[Event "Ct. Girona indiv. Absolut"]
[Site "?"]
[Date "2011.10.23"]
[Round "4"]
[White "Cano Egea, G."]
[Black "Mundet Riera, J."]
[Result "0-1"]
[WhiteElo "1845"]
[BlackElo "2136"]
[PlyCount "58"]
[EventDate "2011.??.??"]
[EventType "swiss"]

1. e4 d6 2. d4 Nf6 3. f3 g6 4. Ne2 Bg7 5. Be3 Nbd7 6. c4 c5 7. Nbc3 cxd4 8.
Nxd4 O-O 9. Be2 a6 10. O-O Ne5 11. Qd2 Bd7 12. Rfd1 Rc8 13. b3 Nc6 14. Rac1
Nxd4 15. Bxd4 Bc6 16. b4 b6 17. Qe3 Rb8 18. c5 bxc5 19. bxc5 Qa5 20. cxd6 exd6
21. Bxf6 Bxf6 22. Rxd6 Bg5 23. f4 Qe5 24. Rxc6 Bxf4 25. Qh3 Bxc1 26. Nd5 Bg5
27. Qd3 Rfe8 28. Bf3 Qa1+ 29. Kf2 Rb2+ 0-1

[Event "Ct. Girona indiv. Absolut"]
[Site "?"]
[Date "2011.10.23"]
[Round "4"]
[White "Diaz Muñoz, S."]
[Black "Gallart Vila, J."]
[Result "0-1"]
[WhiteElo "2040"]
[BlackElo "1755"]
[PlyCount "124"]
[EventDate "2011.??.??"]
[EventType "swiss"]

1. e4 c5 2. Nf3 Nc6 3. d4 cxd4 4. Nxd4 Nf6 5. Nc3 g6 6. Be3 Bg7 7. Be2 O-O 8.
Qd2 Re8 9. O-O-O a6 10. f3 Qa5 11. Kb1 d5 12. Nxd5 Nxd5 13. Qxa5 Nxa5 14. exd5
b5 15. Nc6 Nb7 16. c4 bxc4 17. Bxc4 Bd7 18. Bd4 Bf8 19. g4 a5 20. h4 a4 21. h5
Bg7 22. hxg6 hxg6 23. Ne5 Nd6 24. Nxd7 Nxc4 25. g5 Red8 26. Bxg7 Kxg7 27. Rd4
Rxd7 28. Rdh4 Nd2+ 29. Ka1 Rg8 30. Rh7+ Kf8 31. Rc1 Rd8 32. d6 Nxf3 33. Rc7
Nxg5 34. dxe7+ Ke8 35. exd8=Q+ Kxd8 36. Ra7 Nxh7 37. Ra8+ Ke7 38. Rxg8 Kf6 39.
Kb1 Ng5 40. Ra8 Kf5 41. Rxa4 Ne4 42. Kc1 g5 43. Kd1 g4 44. Ke1 Kf4 45. Kf1 f5
46. Kg2 Ke3 47. Rc4 f4 48. Rc1 f3+ 49. Kg1 g3 50. a4 Ke2 51. a5 Nc5 52. b4 Nd3
53. Rf1 f2+ 54. Kg2 Ne1+ 55. Kxg3 Kxf1 56. a6 Kg1 57. a7 f1=Q 58. a8=Q Qf2+ 59.
Kg4 Qd4+ 60. Kg3 Qg7+ 61. Kf4 Qf6+ 62. Ke3 Qf2+ 0-1

[Event "Ct. Girona indiv. Absolut"]
[Site "?"]
[Date "2011.10.23"]
[Round "4"]
[White "Lillo Castany, V."]
[Black "Alejo Alvarez, R."]
[Result "1-0"]
[WhiteElo "2286"]
[BlackElo "1999"]
[PlyCount "51"]
[EventDate "2011.??.??"]
[EventType "swiss"]

1. e4 g6 2. d4 Bg7 3. Nc3 d6 4. Be3 Nf6 5. f3 O-O 6. Qd2 e5 7. O-O-O exd4 8.
Bxd4 Nc6 9. Be3 Ne8 10. h4 h5 11. Be2 Ne5 12. Nh3 Bxh3 13. Rxh3 Qd7 14. Rg1 c6
15. g4 Nf6 16. Rhg3 b5 17. gxh5 Nxh5 18. Rg5 f6 19. R5g2 Rf7 20. f4 Nc4 21.
Bxc4 bxc4 22. Rxg6 Qh3 23. R6g4 f5 24. exf5 Nf6 25. R4g3 Qxf5 26. Qxd6 1-0

[Event "Ct. Girona indiv. Absolut"]
[Site "?"]
[Date "2011.10.23"]
[Round "4"]
[White "Pinsach Gelabert, A."]
[Black "Trias Punset, C."]
[Result "1-0"]
[WhiteElo "1906"]
[BlackElo "1712"]
[PlyCount "53"]
[EventDate "2011.??.??"]
[EventType "swiss"]

1. e4 d5 2. exd5 Qxd5 3. Nc3 Qd8 4. d4 Nf6 5. Bc4 e6 6. Nf3 Be7 7. O-O Nbd7 8.
Bf4 c6 9. Qe2 Nb6 10. Bd3 Nbd5 11. Be5 Nxc3 12. bxc3 Bd6 13. Bxd6 Qxd6 14. c4
O-O 15. c3 Re8 16. Ne5 Qe7 17. f4 g6 18. Rf3 Nd7 19. Rh3 Nxe5 20. fxe5 f5 21.
exf6 Qxf6 22. Rf1 Qg5 23. Qf2 Qe7 24. Rf3 Bd7 25. Rf7 Qd8 26. Qg3 g5 27. Qe5
1-0

[Event "Ct. Girona indiv. Absolut"]
[Site "?"]
[Date "2011.10.23"]
[Round "4"]
[White "Triadu Cassa, J."]
[Black "Colls Gelaberto, E."]
[Result "1-0"]
[WhiteElo "2111"]
[BlackElo "2184"]
[PlyCount "35"]
[EventDate "2011.??.??"]
[EventType "swiss"]

1. e4 c5 2. Nf3 d6 3. d4 cxd4 4. Nxd4 Nf6 5. Nc3 a6 6. Bc4 e6 7. Bb3 Nbd7 8. f4
Nc5 9. f5 Bd7 10. Qf3 b5 11. Bg5 Be7 12. O-O-O b4 13. fxe6 fxe6 14. e5 bxc3 15.
exf6 Bxf6 16. Bxf6 gxf6 17. Qh5+ Ke7 18. Nf5+ 1-0

[Event "Ct. Girona indiv. Absolut"]
[Site "?"]
[Date "2011.10.23"]
[Round "4"]
[White "Vidal Zamora, A."]
[Black "Garcia Castany Musellas, G."]
[Result "1-0"]
[WhiteElo "2137"]
[BlackElo "2037"]
[PlyCount "105"]
[EventDate "2011.??.??"]
[EventType "swiss"]

1. e4 e5 2. Nf3 Nc6 3. Bc4 Bc5 4. c3 Nf6 5. d3 d6 6. h3 h6 7. O-O Bb6 8. Re1
O-O 9. Nbd2 Be6 10. b4 a6 11. Qb3 Qe7 12. Nf1 a5 13. Bxe6 fxe6 14. b5 a4 15.
Qc4 d5 16. exd5 exd5 17. Qh4 Ne4 18. Be3 Qxh4 19. Nxh4 d4 20. dxe4 dxe3 21.
Nxe3 Ne7 22. Nf3 Ng6 23. Nc4 Nh4 24. Ncxe5 Rae8 25. Re2 Nxf3+ 26. Nxf3 Rf4 27.
Nd2 Ref8 28. Rf1 Rd8 29. g3 Rf7 30. Nc4 Bc5 31. Kg2 Rfd7 32. Rc1 a3 33. Na5 Rd2
34. Rc2 Rd1 35. Nxb7 Rb8 36. Nxc5 Rxb5 37. Nb3 Rb1 38. c4 Rb4 39. e5 Kf7 40.
e6+ Ke7 41. Re5 Rb2 42. Nd4 Rxc2 43. Nxc2 Rxc4 44. Nxa3 Ra4 45. Nb5 c6 46. Nc3
Ra3 47. Re3 Ra6 48. Kf3 Ra5 49. Ke2 Rh5 50. g4 Ra5 51. f4 g6 52. a4 h5 53. Kd3
1-0

[Event "Ct. Girona indiv. Absolut"]
[Site "?"]
[Date "2011.10.23"]
[Round "4"]
[White "Vilanova Olmedo, I."]
[Black "Oliva Llorens, A."]
[Result "0-1"]
[WhiteElo "1730"]
[BlackElo "1948"]
[PlyCount "74"]
[EventDate "2011.??.??"]
[EventType "swiss"]

1. e4 c5 2. Nf3 g6 3. d4 cxd4 4. Nxd4 Bg7 5. Nc3 Nc6 6. Be3 Qa5 7. Qd2 Nf6 8.
Be2 O-O 9. O-O Nxd4 10. Bxd4 Nxe4 11. Nxe4 Qxd2 12. Nxd2 Bxd4 13. c3 Bg7 14.
Bf3 Rb8 15. Rfe1 e6 16. Rad1 d5 17. Nb3 b6 18. Nd4 Bb7 19. Nb5 a6 20. Nd4 Rfd8
21. g3 e5 22. Nb3 f5 23. Bg2 a5 24. Nd2 b5 25. Nf3 Re8 26. a3 b4 27. axb4 axb4
28. cxb4 Ba8 29. Rd2 e4 30. Nd4 Rxb4 31. Red1 Bxd4 32. Rxd4 Rxb2 33. Kf1 Reb8
34. R4d2 Kf7 35. Ke2 Ke6 36. f3 Rxd2+ 37. Rxd2 Ke5 0-1